000 01000nam a22002297a 4500
999 _c17529
_d17529
003 AR-CdUCM
008 190508b ||||| |||| 00| 0 spa d
040 _aMUNICIPALIDAD PROVINCIAL DEL CUSCO
_cBIBLIOTECA MUNICIPAL DEL CUSCO
041 _hfre
082 _23ed.
_a820.9 /
_bT13
100 _aTaine, Hippolyte Adolphe
_937578
245 _aIntroducción a la historia de la literatura inglesa /
260 _aBuenos Aires :
_bAguilar,
_c1963.
300 _a67 páginas ;
_c16 cm.
440 _aBiblioteca de iniciación filosófica ;
_n23
_937579
505 _aContenido: Los documentos históricos no son mas que indicios por medio de los cuales hay que reconstruir al individuo visible -- El hombre corporal y visible no es sino un indicio por medio del cual se debe estudiar al hombre invisible e interior ...
650 _aLiteratura inglesa
_91015
650 _aHistoria y crítica
_95993
700 _aZuñiga, J. E. (traductor)
_937580
942 _2ddc
_cLIBROS
945 _aacv
_d2019-05-08